000 00283nam a2200121Ia 4500
005 20251222144712.0
008 251222s9999||||xx |||||||||||||| ||spa||
020 _a978-9972-234-18-7
082 _a343.040.2/R46
245 0 _aManual Tributario:
264 _bPacĂ­fico
942 _cLIB
999 _c17883
_d17883